Top 10 Biggest Cities in the 10 Richest Countries in the world - Statistics

General Stats
  • This quiz has been taken 46 times
  • The average score is 48 of 100
Answer Stats
Answer % Correct
New York City
98%
Los Angeles
95%
London
93%
Beijing
90%
Shanghai
90%
Tokyo
88%
Chicago
85%
Manchester
85%
Miami
85%
Birmingham
83%
San Francisco
83%
Dallas
80%
Delhi
80%
Osaka
80%
Berlin
78%
Houston
78%
Liverpool
78%
Mumbai
78%
Frankfurt
75%
Glasgow
75%
Hamburg
75%
Washington
75%
Guangzhou
73%
Hong Kong
73%
Munich
73%
Philadelphia
73%
Edinburgh
70%
Rio de Janeiro
70%
Leeds
68%
Sao Paulo
68%
Atlanta
65%
Brasilia
65%
Cologne
65%
Kyoto
65%
Moscow
65%
Chennai
63%
Kolkata
63%
Nagoya
63%
St Petersburg
63%
Xian
63%
Bangalore
58%
Düsseldorf
58%
Hangzhou
55%
Sapporo
55%
Stuttgart
55%
Tianjin
55%
Chengdu
53%
Hiroshima
53%
Hyderabad
53%
Sheffield
53%
Chongqing
48%
Xiamen
48%
Yokohama
48%
Ahmedabad
45%
Jakarta
45%
Kobe
45%
Belfast
43%
Belo Horizonte
43%
Bremen
40%
Leipzig
40%
Recife
40%
Southampton
40%
Dresden
38%
Fukuoka
38%
Fortaleza
35%
Jaipur
35%
Salvador
35%
Porto Alegre
33%
Surabaya
33%
Yekaterinburg
33%
Kazan
30%
Surat
30%
Lagos
28%
Lucknow
28%
Manaus
28%
Bandung
25%
Omsk
25%
Curitiba
23%
Medan
23%
Nizhny Novgorod
23%
Rostov
23%
Novosibirsk
20%
Samara
20%
Abuja
18%
Chelyabinsk
15%
Kano
15%
Benin City
13%
Kitakyushu
13%
Port Harcourt
13%
Ibadan
10%
Semarang
10%
Palembang
8%
Bekasi
5%
Depok
3%
Illorin
3%
Jos
3%
Kaduna
3%
South Tangerang
3%
Tangerang
3%
Zaria
3%
No matching quizzes found
Score Distribution
Percent of People with Each Score
Percentile by Number Answered
Your Score History
You have not taken this quiz